| 000 | 00919nam a2200253Ia 4500 | ||
|---|---|---|---|
| 005 | 20220317000632.0 | ||
| 008 | 160601s2001 ck a 000 0 spa | ||
| 020 | _a9589691617 | ||
| 082 | 0 | 4 |
_a708.074 _bV17m |
| 100 | 1 |
_aVasco, Irene _d1952- |
|
| 245 | 1 | 3 |
_aUn mundo del tamaño de Fernando Botero [catálogo] _cIrene Vasco |
| 250 | _a2a edición | ||
| 300 |
_a23 páginas _bilustraciones _c30 cm |
||
| 500 | _aDonación Botero de la Colección Banco de la República | ||
| 600 | 1 | 4 |
_aBotero, Fernando _d1932- _xTrabajos pictóricos _920717 |
| 650 | 1 | 4 |
_2LEMB _aMuseos de arte _vCatálogos _zBogotá |
| 650 | 1 | 4 |
_2LEMB _aPintores colombianos _vCatálogos _vExposiciones |
| 942 |
_2ddc _cBK |
||
| 264 |
_aBogotá _bBanco de la república _c2001 |
||
| 336 |
_atexto _btxt _2rdacontent |
||
| 337 |
_asin mediación _bn _2rdamedia |
||
| 338 |
_avolumen _bnc _2rdacarrier |
||
| 040 |
_aCO-BoRNBP _bspa _erda _cCO-BoRNBP |
||
| 999 |
_c4621 _d4621 |
||